000 00287nam a22001337a 4500
003 SGT
020 _a9788176486835
082 _a341.486
_bSUB
100 _aSUBRAMANYA N
245 _aHUMAN RIGHTS AND REFUGEES
260 _aNEW DELHI
_bAPH PUBLISHING
300 _a509
942 _2ddc
_cBK
999 _c33280
_d33280